Arthropods of mediterranean-type ecosystems

Uloženo v:
Podrobná bibliografie
Hlavní autor: Stamou, George P
Médium: Kniha
Jazyk:angličtina
Vydáno: Berlín Springer 1998
Edice:Adaptations of Desert Organisms
Témata:
Tagy: Přidat tag
Žádné tagy, Buďte první, kdo vytvoří štítek k tomuto záznamu!

MARC

LEADER 00000nam a2200000 a 4500
001 UCP6983
003 CL-VaPUC
005 20240805111844.0
008 991126e19980000GW |||||||||||||||||eng|d
999 |c 284355  |d 284353 
040 |c Pontificia Universidad Católica de Valparaíso 
082 0 4 |a 595 STA 1998  |2 21 
100 0 |a Stamou, George P  |9 436336 
245 1 0 |a Arthropods of mediterranean-type ecosystems 
260 |a Berlín  |b Springer  |c 1998 
300 |a 141 páginas 
490 0 |a Adaptations of Desert Organisms 
583 |a last modification  |c 19991126 00:00:00  |k Rodrigo Vera 
650 0 |a Artrópodos  |9 269503 
650 0 |a Ecosistemas  |9 261477 
942 |c BK  |2 ddc 
945 |d 19991126 00:00:00  |a vberengu 
952 |0 0  |1 0  |2 ddc  |4 0  |6 595_000000000000000_STA_1998  |7 0  |8 A  |9 328267  |a BIBCUR  |b BIBCUR  |d 2019-11-20  |i 3576167  |o 595 STA 1998  |p 3576167  |r 2025-04-22  |t 1  |w 2019-11-20  |y BK  |k BIO